000 00271nam a2200109 4500
008 150204b xxu||||| |||| 00| 0 eng d
245 _aChurchwoman
260 _aNew York
_bChurch Women United
_c1994-
300 _apg 23
650 _2Christian women
942 _2lcc
_cPER
_s1
999 _c44154
_d44154